000
00313nam a22001337a 4500
008
250625b |||||||| |||| 00| 0 eng d
020
_a
026041332
050
_a
HD 75.6
_b
.V35
100
_a
DALY Herman E.
245
_a
Valuing The Earth
260
_a
U. S. A
_b
The Mit Press
_c
1994
300
_a
387P.
942
_c
BK
999
_c
3960
_d
3960